000 00658nam a2200265Ia 4500
003 OSt
005 20221006143415.0
006 a|||||r|||| 00| 0
007 ta
008 221006b |||||||| |||| 00| 0 eng d
020 _c£55.50
024 _a8,874
037 _cTextual
040 _aEASL
_cEASL
_beng
041 _2eng
_aeng
082 _aV42:191.N12, L4-;1
100 _aMORLEY
245 0 _aJapan's foreign policy
260 _aNew York
_bColumbia University Press
_c1974
300 _a24p.
_ccm.
490 _v RS
650 _aJEL
942 _hV42:191.N12, L4-;1
_cTEXL
_2CC
999 _c1076960
_d1076960